000 00884nam a22002177a 4500
999 _c17892
_d17892
003 OSt
005 20230127111908.0
008 230127b ||||| |||| 00| 0 eng d
040 _c0
082 _aDPer 910.46 T156 2019 v76PA-76PB
100 _aSegovia-Perez, Monica
_eauthor.
_947588
245 _aIncorporating a gender approach in the hospitality industry :
_bfemale executives' perceptions /
_cMonica Segovia-Perez, Cristina Figueroa-Domecq, Laura Fuentes-Moraleda, Ana Muñoz-Mazon.
260 _aAmsterdam :
_bElsevier,
_c©January 2019.
300 _av 76PA, pages 184-193 : illustrations.
650 _aHospitality industry.
_947589
700 _aSegovia-Perez, Monica.
_eauthor.
_947590
700 _aFigueroa-Domecq, Cristina.
_eauthor.
_947591
700 _aFuentes-Moraleda, Laura.
_eauthor.
_947592
700 _aMuñoz-Mazon, Ana.
_eauthor.
_947593
942 _2ddc
_cPER